<?xml version="1.0" encoding="UTF-8"?>
<record
    xmlns:xsi="http://www.w3.org/2001/XMLSchema-instance"
    xsi:schemaLocation="http://www.loc.gov/MARC21/slim http://www.loc.gov/standards/marcxml/schema/MARC21slim.xsd"
    xmlns="http://www.loc.gov/MARC21/slim">

  <leader>00496nam a22001577a 4500</leader>
  <controlfield tag="005">20251110100101.0</controlfield>
  <controlfield tag="008">240318b        |||||||| |||| 00| 0 eng d</controlfield>
  <datafield tag="020" ind1=" " ind2=" ">
    <subfield code="a">978-0-06-1080630</subfield>
  </datafield>
  <datafield tag="050" ind1=" " ind2=" ">
    <subfield code="b">1</subfield>
  </datafield>
  <datafield tag="100" ind1=" " ind2=" ">
    <subfield code="a">MACOMBER DEBBIE,</subfield>
  </datafield>
  <datafield tag="245" ind1=" " ind2=" ">
    <subfield code="a">Morning Comes Softly</subfield>
  </datafield>
  <datafield tag="260" ind1=" " ind2=" ">
    <subfield code="a">NEW YORK,</subfield>
    <subfield code="b">AVON BOOKS AN IMPRINT OF HARPER COLLINS PUBLISHERS,</subfield>
    <subfield code="c">1993,</subfield>
  </datafield>
  <datafield tag="300" ind1=" " ind2=" ">
    <subfield code="a">Viii, 374 P, ILL</subfield>
  </datafield>
  <datafield tag="650" ind1=" " ind2=" ">
    <subfield code="a">Bride price-Fiction, Librarians-Fiction, Courtship-Fiction, Orphans--Fiction</subfield>
  </datafield>
  <datafield tag="942" ind1=" " ind2=" ">
    <subfield code="2">lcc</subfield>
    <subfield code="c">BK</subfield>
  </datafield>
  <datafield tag="999" ind1=" " ind2=" ">
    <subfield code="c">209547</subfield>
    <subfield code="d">209547</subfield>
  </datafield>
  <datafield tag="952" ind1=" " ind2=" ">
    <subfield code="0">0</subfield>
    <subfield code="1">0</subfield>
    <subfield code="2">lcc</subfield>
    <subfield code="4">0</subfield>
    <subfield code="6">PS3563 A2364 M33  01993</subfield>
    <subfield code="7">0</subfield>
    <subfield code="8">FICT</subfield>
    <subfield code="9">339534</subfield>
    <subfield code="a">KSUL</subfield>
    <subfield code="b">KSUL</subfield>
    <subfield code="d">2024-03-18</subfield>
    <subfield code="i">072630</subfield>
    <subfield code="l">3</subfield>
    <subfield code="o">PS 3563. A2364 M33 1993</subfield>
    <subfield code="p">000000003066</subfield>
    <subfield code="r">2025-11-08 15:16:15</subfield>
    <subfield code="s">2025-11-06</subfield>
    <subfield code="t">1</subfield>
    <subfield code="w">2024-03-18</subfield>
    <subfield code="y">BK</subfield>
  </datafield>
</record>
